| 000 | 00480nam a2200205Ia 4500 | ||
|---|---|---|---|
| 003 | 0100 | ||
| 008 | 130303s9999 xx 000 0 und d | ||
| 020 | _a0816612757 | ||
| 040 | _cARRUPELIB | ||
| 050 | _aB171.F69 1987 | ||
| 100 | _aFrede, Michael | ||
| 245 | _aEssays in ancient philosophy | ||
| 260 | _aMinneapolis | ||
| 260 | _bUniversity of Minnesota Press | ||
| 260 | _C1987 | ||
| 300 | _axxvii | ||
| 300 | _b 382p. 24 cm. | ||
| 650 | _aPHILOSOPHY | ||
| 942 | 0 | 0 | _01 |
| 999 |
_c22248 _d22248 |
||